Effect of mouthrinses on microhardness of selected composite restorative materials /
Saved in:
| Main Author: | |
|---|---|
| Format: | Thesis Book |
| Language: | English |
| Published: |
2007
|
| Subjects: | |
| Online Access: | http://studentsrepo.um.edu.my/id/eprint/3122 |
| Tags: |
Add Tag
No Tags, Be the first to tag this record!
|
| LEADER | 00952cam a2200265 a 4500 | ||
|---|---|---|---|
| 001 | u757603 | ||
| 003 | SIRSI | ||
| 005 | 200807160934 | ||
| 008 | 080716s2007 my a 000 0 eng | ||
| 040 | |a UMG | ||
| 096 | |a WU100 |b UM 2007 Ania | ||
| 100 | 0 | |a Aniza Ahmad | |
| 245 | 1 | 0 | |a Effect of mouthrinses on microhardness of selected composite restorative materials / |c Aniza Bt Ahmad. |
| 260 | |c 2007 | ||
| 300 | |a xii, 88 leaves : |b ill. (some col.) ; |c 30 cm. | ||
| 502 | |a Dissertation (M.Clin.Dent.) -- Jabatan Pergigian Konservatif, Fakulti Pergigian, Universiti Malaya, 2007. | ||
| 504 | |a Bibliography: leaves 73-83. | ||
| 530 | |a Issued also in CD. | ||
| 650 | 1 | 2 | |a Mouthwashes |
| 650 | 1 | 2 | |a Composite Resins. |
| 710 | 2 | |a Universiti Malaya. |b Jabatan Pemeliharaan Gigi | |
| 856 | 4 | 1 | |u http://studentsrepo.um.edu.my/id/eprint/3122 |
| 900 | |a HA | ||
| 596 | |a 10 | ||
| 999 | |a WU100 UM 2007 ANIA |w NLM |c 1 |i A503687078 |l STACKS |m P10PERGIGI |r Y |s Y |t TESIS |u 5/8/2009 | ||
